[Event "ENG-ch"]
[Site "Kenilworth"]
[Date "2024.06.22"]
[Round "6"]
[White "Lishoy Gengis Paratazham, Dildarav"]
[Black "Gibson, Christopher A"]
[Result "1/2-1/2"]
[WhiteElo "1969"]
[BlackElo "1851"]
[PlyCount "47"]
[EventDate "2024.06.20"]
[EventType "swiss"]
[EventRounds "7"]
[EventCountry "ENG"]
[SourceTitle "CBM 220 Extra"]
[Source "ChessBase"]
[SourceDate "2024.07.31"]
[SourceVersion "1"]
[SourceVersionDate "2024.07.31"]
[SourceQuality "1"]

1. e4 c5 2. d3 Nc6 3. g3 e6 4. Bg2 Nf6 5. Ne2 Be7 6. 0-0 d5 7. exd5 Nxd5 8. Nbc3 Nf6 9. Bf4 a6 10. a4 0-0 11. h3 Qd7 12. Qd2 b6 13. Rad1 Bb7 14. d4 cxd4 15. Nxd4 Nxd4 16. Qxd4 Qxd4 17. Rxd4 Bxg2 18. Kxg2 Rfd8 19. Rfd1 Kf8 20. Kf3 Ke8 21. g4 Rxd4 22. Rxd4 Rd8 23. Rxd8+ Kxd8 24. Be5 1/2-1/2

[Event "ENG-ch"]
[Site "Kenilworth"]
[Date "2024.06.21"]
[Round "4"]
[White "Gibson, Christopher A"]
[Black "Alldritt, Nigel RE"]
[Result "1-0"]
[WhiteElo "1851"]
[BlackElo "1974"]
[PlyCount "92"]
[EventDate "2024.06.20"]
[EventType "swiss"]
[EventRounds "7"]
[EventCountry "ENG"]
[SourceTitle "CBM 220 Extra"]
[Source "ChessBase"]
[SourceDate "2024.07.31"]
[SourceVersion "1"]
[SourceVersionDate "2024.07.31"]
[SourceQuality "1"]

1. d4 Nf6 2. c4 g6 3. Nc3 d5 4. cxd5 Nxd5 5. e4 Nxc3 6. bxc3 Bg7 7. Nf3 c5 8. Rb1 0-0 9. Be2 cxd4 10. cxd4 Qa5+ 11. Bd2 Qxa2 12. 0-0 Qe6 13. Bd3 b6 14. Re1 Qd7 15. d5 Ba6 16. Bc2 Bc4 17. Bf4 Ba2 18. Ra1 Bc4 19. Be5 f6 20. Bb2 e5 21. Bd3 Bxd3 22. Qxd3 Rd8 23. Qb3 Bf8 24. Ba3 Bxa3 25. Rxa3 Qd6 26. Qa2 a6 27. Nd2 b5 28. Nb3 Rc8 29. Na5 Kg7 30. h4 Nd7 31. Nc6 Nc5 32. h5 Na4 33. Rh3 g5 34. h6+ Kh8 35. Qb3 Rg8 36. Qg3 Nb2 37. Qg4 Nc4 38. Rd1 a5 39. Rf3 Rac8 40. Rb1 Nd2 41. Rxb5 Nxf3+ 42. Qxf3 Rgf8 43. Rxa5 Rxc6 44. dxc6 Qxc6 45. Qa3 Rc8 46. Ra6 Qd7 1-0

[Event "ENG-ch"]
[Site "Kenilworth"]
[Date "2024.06.20"]
[Round "1"]
[White "Gibson, Christopher A"]
[Black "Bharat Kumar, Balahari"]
[Result "0-1"]
[WhiteElo "1851"]
[BlackElo "1994"]
[PlyCount "64"]
[EventDate "2024.06.20"]
[EventType "swiss"]
[EventRounds "7"]
[EventCountry "ENG"]
[SourceTitle "CBM 220 Extra"]
[Source "ChessBase"]
[SourceDate "2024.07.31"]
[SourceVersion "1"]
[SourceVersionDate "2024.07.31"]
[SourceQuality "1"]

1. e4 c5 2. c3 d5 3. exd5 Qxd5 4. d4 Nf6 5. Nf3 Bg4 6. dxc5 Qxc5 7. Be2 e6 8. 0-0 Nbd7 9. Na3 a6 10. Nc2 Be7 11. Ne3 Bh5 12. a4 0-0 13. a5 Rfd8 14. Nd4 Bg6 15. Bf3 Ne4 16. Qa4 Qc7 17. Qc4 Nec5 18. Be2 Ne5 19. Qa2 Ncd3 20. f4 Nxc1 21. Raxc1 Nd3 22. Bxd3 Bxd3 23. Rfd1 Bg6 24. g3 Bc5 25. b4 Ba7 26. Qe2 Qe7 27. Nf3 Be4 28. Ne5 f6 29. N5c4 Qc7 30. Nd2 Rd3 31. Nxe4 Rxe3 32. Qf2 Rxe4 0-1

[Event "BCF-chT3W 2324 (4NCL)"]
[Site "England"]
[Date "2024.05.06"]
[Round "11.15"]
[White "Gibson, Christopher A"]
[Black "Woods, Timothy J"]
[Result "1-0"]
[WhiteElo "1910"]
[BlackElo "1665"]
[PlyCount "59"]
[EventDate "2023.11.18"]
[EventType "team-tourn"]
[EventRounds "11"]
[EventCountry "ENG"]
[SourceTitle "EXT 2025"]
[Source "ChessBase"]
[SourceDate "2024.10.14"]
[SourceVersion "1"]
[SourceVersionDate "2024.10.14"]
[SourceQuality "1"]
[WhiteTeam "The Rookies"]
[BlackTeam "Sussex Martlets III"]
[WhiteTeamCountry "ENG"]
[BlackTeamCountry "ENG"]

1. e4 d6 2. d4 Nf6 3. Nc3 g6 4. f4 Bg7 5. a3 0-0 6. Nf3 Nc6 7. Be2 e5 8. dxe5 dxe5 9. Qxd8 Rxd8 10. fxe5 Nd7 11. Nd5 Ndxe5 12. Nxc7 Rb8 13. c3 Bg4 14. Nd5 Rbc8 15. Bg5 Re8 16. h3 Be6 17. Nxe5 Nxe5 18. Ne7+ Rxe7 19. Bxe7 Nc4 20. Bxc4 Rxc4 21. 0-0-0 h5 22. Rd8+ Kh7 23. Re1 Rc6 24. Rd6 Rc4 25. Bg5 Be5 26. Rd8 Kg7 27. Be3 a6 28. Bd4 Bxd4 29. Rxd4 Rc7 30. Kd2 1-0

[Event "Peterborough 4NCL Easter op-A"]
[Site "Peterborough"]
[Date "2024.03.30"]
[Round "2"]
[White "Gibson, Christopher A"]
[Black "Hutchinson, Paul A"]
[Result "0-1"]
[WhiteElo "1852"]
[BlackElo "2006"]
[PlyCount "86"]
[EventDate "2024.03.29"]
[EventType "swiss"]
[EventRounds "7"]
[EventCountry "ENG"]
[SourceTitle "CBM 219 Extra"]
[Source "ChessBase"]
[SourceDate "2024.05.31"]
[SourceVersion "1"]
[SourceVersionDate "2024.05.31"]
[SourceQuality "1"]

1. e4 d5 2. exd5 Qxd5 3. Nf3 Bg4 4. Be2 Nc6 5. h3 Bh5 6. d4 e6 7. 0-0 0-0-0 8. c4 Qf5 9. Be3 Nf6 10. Nc3 Bc5 11. d5 Bxe3 12. fxe3 exd5 13. Nd4 Qe5 14. Nxc6 bxc6 15. Bxh5 Nxh5 16. Qg4+ Kb8 17. Rae1 Ng3 18. Rf3 Ne4 19. Nxe4 dxe4 20. Rxf7 Rd2 21. b3 Rxa2 22. Qxg7 Qxg7 23. Rxg7 h5 24. h4 Rb2 25. Rf1 Rxb3 26. Rff7 Rc8 27. Rg3 Rc3 28. Rh7 Rxc4 29. Rxh5 Rd8 30. Rh7 Rc1+ 31. Kh2 a5 32. Rgg7 Rc8 33. Rg4 Rc4 34. Re7 c5 35. Rexe4 Rb4 36. Kh3 Kb7 37. Re5 Kb6 38. Rf4 a4 39. Rf2 a3 40. Rd5 c4 41. Rdd2 c3 42. Ra2 Ra8 43. h5 Rb2 0-1

[Event "BCF-chT3W 2324 (4NCL)"]
[Site "England"]
[Date "2024.01.06"]
[Round "3.16"]
[White "Slegg, Gary"]
[Black "Gibson, Christopher A"]
[Result "0-1"]
[WhiteElo "1603"]
[BlackElo "1901"]
[PlyCount "82"]
[EventDate "2023.11.18"]
[EventType "team-tourn"]
[EventRounds "11"]
[EventCountry "ENG"]
[SourceTitle "EXT 2025"]
[Source "ChessBase"]
[SourceDate "2024.10.14"]
[SourceVersion "1"]
[SourceVersionDate "2024.10.14"]
[SourceQuality "1"]
[WhiteTeam "Shropshire and Friends"]
[BlackTeam "The Rookies"]
[WhiteTeamCountry "ENG"]
[BlackTeamCountry "ENG"]

1. e4 c5 2. d4 cxd4 3. c3 dxc3 4. Nxc3 Nc6 5. Nf3 e6 6. Bc4 a6 7. a3 Nge7 8. 0-0 Ng6 9. Qe2 Qc7 10. Nd5 exd5 11. exd5+ Be7 12. dxc6 dxc6 13. Ng5 0-0 14. Nxh7 Kxh7 15. Qh5+ Kg8 16. Qxg6 Qd6 17. Qxd6 Bxd6 18. Rd1 Be5 19. Rb1 Bf5 20. Ra1 Rad8 21. Bb3 Rxd1+ 22. Bxd1 Re8 23. Be3 Bxb2 24. Ra2 Bd4 25. g4 Bb1 26. Re2 Bd3 27. Rd2 Rxe3 28. fxe3 Bxe3+ 29. Rf2 Be4 30. Kf1 Bxf2 31. Kxf2 Kf8 32. Ke3 Bd5 33. Kd4 b6 34. Be2 a5 35. Ke5 Ke7 36. h4 f6+ 37. Kf5 Bf7 38. h5 b5 39. g5 fxg5 40. Kxg5 a4 41. Kf5 b4 0-1

[Event "BCF-chT3W 2324 (4NCL)"]
[Site "England"]
[Date "2023.11.18"]
[Round "1.16"]
[White "Headlong, Fenella"]
[Black "Gibson, Christopher A"]
[Result "1/2-1/2"]
[WhiteElo "1774"]
[BlackElo "1913"]
[PlyCount "47"]
[EventDate "2023.11.18"]
[EventType "team-tourn"]
[EventRounds "11"]
[EventCountry "ENG"]
[SourceTitle "EXT 2025"]
[Source "ChessBase"]
[SourceDate "2024.10.14"]
[SourceVersion "1"]
[SourceVersionDate "2024.10.14"]
[SourceQuality "1"]
[WhiteTeam "Brown Jack"]
[BlackTeam "The Rookies"]
[WhiteTeamCountry "ENG"]
[BlackTeamCountry "ENG"]

1. e4 c5 2. c3 Nf6 3. e5 Nd5 4. d4 cxd4 5. cxd4 e6 6. Nf3 d6 7. a3 Be7 8. Bd3 0-0 9. 0-0 b6 10. Qe2 Bb7 11. Bd2 Nc6 12. Qe4 g6 13. Bh6 Re8 14. Nbd2 Nc7 15. Qe3 dxe5 16. dxe5 Nd5 17. Qe4 Nc7 18. Qe2 Nd4 19. Nxd4 Qxd4 20. Nf3 Bxf3 21. Qxf3 Qxe5 22. Bf4 Qxb2 23. Bxc7 Rac8 24. Rfb1 1/2-1/2

[Event "Witney op-A 10th"]
[Site "Witney"]
[Date "2023.11.04"]
[Round "1"]
[White "Gibson, Christopher A"]
[Black "Dicen, Elis Denele"]
[Result "0-1"]
[WhiteElo "1913"]
[BlackElo "2145"]
[PlyCount "88"]
[EventDate "2023.11.04"]
[EventType "swiss"]
[EventRounds "5"]
[EventCountry "ENG"]
[SourceTitle "CBM 217 Extra"]
[Source "ChessBase"]
[SourceDate "2024.01.31"]
[SourceVersion "1"]
[SourceVersionDate "2024.01.31"]
[SourceQuality "1"]

1. e4 c5 2. c3 Nf6 3. e5 Nd5 4. Nf3 e6 5. d4 cxd4 6. cxd4 d6 7. Bc4 Nc6 8. 0-0 Be7 9. Qe2 0-0 10. Qe4 Bd7 11. a3 Rc8 12. Bd3 f5 13. exf6 Nxf6 14. Qh4 Qe8 15. Ng5 h6 16. Nf3 Qh5 17. Qg3 Qg4 18. Qxg4 Nxg4 19. Nc3 Nf6 20. Re1 Kf7 21. Be3 Na5 22. d5 Nxd5 23. Nxd5 exd5 24. Bxa7 Bf6 25. Bd4 Nb3 26. Bxf6 Nxa1 27. Bh4 g5 28. Nxg5+ hxg5 29. Bxg5 Nb3 30. Re7+ Kg8 31. Rxd7 Nc5 32. Bh7+ Kh8 33. Re7 Rce8 34. Bf6+ Rxf6 35. Rxe8+ Kxh7 36. b4 Nd3 37. Re7+ Kg6 38. f3 b5 39. Rb7 Re6 40. h3 d4 41. Rxb5 Nf4 42. g3 Ne2+ 43. Kf1 Nc3 44. Rb6 d3 0-1

[Event "Witney op-A 10th"]
[Site "Witney"]
[Date "2023.11.04"]
[Round "2"]
[White "Khoo, Elon"]
[Black "Gibson, Christopher A"]
[Result "0-1"]
[WhiteElo "1800"]
[BlackElo "1913"]
[PlyCount "48"]
[EventDate "2023.11.04"]
[EventType "swiss"]
[EventRounds "5"]
[EventCountry "ENG"]
[SourceTitle "CBM 217 Extra"]
[Source "ChessBase"]
[SourceDate "2024.01.31"]
[SourceVersion "1"]
[SourceVersionDate "2024.01.31"]
[SourceQuality "1"]

1. e4 c5 2. Nf3 Nc6 3. d4 cxd4 4. Nxd4 g6 5. Nc3 Bg7 6. Be3 Nf6 7. h3 0-0 8. Bc4 Re8 9. Bb3 d6 10. 0-0 a6 11. f4 Na5 12. Qf3 b5 13. g4 Bb7 14. g5 Nxb3 15. axb3 Nd7 16. Rad1 e5 17. Nde2 exf4 18. Qxf4 Ne5 19. Bc5 Bf8 20. Bd4 Qe7 21. Bxe5 dxe5 22. Qf6 Qxf6 23. Rxf6 Be7 24. Rb6 Bc5+ 0-1

[Event "Berkshire Berks & Bucks op-B"]
[Site "Berkshire"]
[Date "2023.08.28"]
[Round "6"]
[White "Schell, Finn"]
[Black "Gibson, Christopher A"]
[Result "1/2-1/2"]
[WhiteElo "1624"]
[BlackElo "1820"]
[PlyCount "143"]
[EventDate "2023.08.26"]
[EventType "swiss"]
[EventRounds "6"]
[EventCountry "ENG"]
[SourceTitle "CBM 216 Extra"]
[Source "ChessBase"]
[SourceDate "2023.11.30"]
[SourceVersion "1"]
[SourceVersionDate "2023.11.30"]
[SourceQuality "1"]

1. e4 e5 2. Nf3 Nc6 3. Bb5 f5 4. d3 fxe4 5. dxe4 Nf6 6. 0-0 Bc5 7. Bxc6 bxc6 8. Nxe5 0-0 9. Nc3 d6 10. Na4 Bb6 11. Nxc6 Qe8 12. Nxb6 axb6 13. Nd4 Qxe4 14. Re1 Qg6 15. Qd3 Qxd3 16. cxd3 Ba6 17. Rd1 Rae8 18. f3 Re5 19. Bf4 Rd5 20. Nc6 Rxd3 21. Rxd3 Bxd3 22. Nb4 Bg6 23. Rc1 Rf7 24. Bg5 c5 25. Bxf6 gxf6 26. Nd5 b5 27. Re1 Ra7 28. a3 Kf7 29. Kf2 Bf5 30. Nc3 Rb7 31. Ne4 Bxe4 32. Rxe4 d5 33. Rh4 Ke6 34. Ke3 d4+ 35. Kd3 Rd7 36. Rh5 c4+ 37. Kd2 f5 38. g4 Rf7 39. Rh6+ Kd5 40. a4 bxa4 41. Ra6 fxg4 42. Ra5+ Kc6 43. fxg4 Rf2+ 44. Kc1 Rxh2 45. Rxa4 Kd5 46. Rb4 Rh4 47. g5 Rh2 48. Ra4 d3 49. Ra8 Kd4 50. Rh8 Rh5 51. Rd8+ Ke3 52. Re8+ Kf2 53. Rf8+ Ke3 54. Re8+ Kf4 55. Rc8 Rh1+ 56. Kd2 Rh2+ 57. Kd1 Rh1+ 58. Kd2 Rh2+ 59. Kd1 Rc2 60. Rd8 Kxg5 61. b3 cxb3 62. Rxd3 Rc4 63. Rxb3 Re4 64. Rb2 h5 65. Re2 Rf4 66. Ke1 h4 67. Rg2+ Kh5 68. Rf2 Rg4 69. Rf3 Rg5 70. Kf2 Kg4 71. Ra3 h3 72. Rg3+ 1/2-1/2

[Event "ENG-ch Chessable"]
[Site "Kenilworth"]
[Date "2023.05.27"]
[Round "3"]
[White "Siddharth, Gopakumar"]
[Black "Gibson, Christopher A"]
[Result "1/2-1/2"]
[WhiteElo "1890"]
[BlackElo "1836"]
[PlyCount "101"]
[EventDate "2023.05.26"]
[EventType "swiss"]
[EventRounds "7"]
[EventCountry "ENG"]
[SourceTitle "CBM 214 Extra"]
[Source "ChessBase"]
[SourceDate "2023.07.31"]
[SourceVersion "1"]
[SourceVersionDate "2023.07.31"]
[SourceQuality "1"]

1. e4 c5 2. Nf3 Nc6 3. c3 Nf6 4. e5 Nd5 5. Bc4 e6 6. d4 Nb6 7. Bb3 cxd4 8. cxd4 d6 9. 0-0 dxe5 10. dxe5 Qxd1 11. Rxd1 Be7 12. Nc3 0-0 13. Nb5 Nd7 14. Bf4 g5 15. Nxg5 Ndxe5 16. Ne4 b6 17. Rac1 a6 18. Nd4 Nxd4 19. Rxd4 Ng6 20. Be3 Bb7 21. Nd6 Rab8 22. Nxb7 Rxb7 23. Bd1 Bc5 24. Rd3 Bxe3 25. Rxe3 Rd8 26. Bf3 Rbd7 27. g3 Rd2 28. Rb3 R8d3 29. Rc8+ Kg7 30. Rxd3 Rxd3 31. Be2 Rd2 32. Bxa6 Rxb2 33. a4 Ne5 34. h3 Nd7 35. Bb5 Nc5 36. Rb8 Rb4 37. Ra8 h6 38. Ra7 e5 39. Be8 Kf8 40. Bxf7 Rxa4 41. Rxa4 Nxa4 42. Bc4 Nc3 43. f3 b5 44. Bb3 Na4 45. Kf2 Nc5 46. Bc2 b4 47. Ke3 Ke7 48. g4 h5 49. gxh5 Kf6 50. h4 Kg7 51. f4 1/2-1/2

[Event "Newcastle Northumbria Masters"]
[Site "Newcastle on Tyne"]
[Date "2022.08.30"]
[Round "8"]
[White "Gibson, Christopher A"]
[Black "Bezuidenhout, Roland Reinhold"]
[Result "0-1"]
[WhiteElo "1855"]
[BlackElo "2269"]
[PlyCount "78"]
[EventDate "2022.08.26"]
[EventType "swiss"]
[EventRounds "9"]
[EventCountry "ENG"]
[SourceTitle "CBM 210 Extra"]
[Source "ChessBase"]
[SourceDate "2022.11.30"]
[SourceVersion "1"]
[SourceVersionDate "2022.11.30"]
[SourceQuality "1"]

1. e4 e6 2. d4 d5 3. Nc3 Bb4 4. e5 b6 5. a3 Bf8 6. Bb5+ c6 7. Bd3 Ne7 8. Nf3 h6 9. h4 a5 10. b3 Ba6 11. Bxa6 Nxa6 12. Ne2 Qd7 13. 0-0 b5 14. c4 h5 15. cxb5 cxb5 16. Qd3 Nf5 17. Bd2 b4 18. a4 Be7 19. g3 0-0 20. Nf4 g6 21. Ng2 Nb8 22. Ne3 Nc6 23. Nxf5 exf5 24. Ng5 Nd8 25. Rac1 Bxg5 26. Bxg5 Ne6 27. Be3 Rfc8 28. Rxc8+ Rxc8 29. Rc1 Rxc1+ 30. Bxc1 Qc6 31. Bd2 Qb6 32. Be3 f4 33. Bxf4 Qxd4 34. Qe3 Qxe3 35. fxe3 Nc5 36. Bg5 Nxb3 37. Bd8 Nc5 38. Bxa5 b3 39. Bc3 Nxa4 0-1

[Event "Leamington Spa 4NCL op-A 28th"]
[Site "Leamington Spa"]
[Date "2022.07.09"]
[Round "3"]
[White "Carroll, Thomas"]
[Black "Gibson, Christopher A"]
[Result "1-0"]
[WhiteElo "2044"]
[BlackElo "1870"]
[PlyCount "39"]
[EventDate "2022.07.08"]
[EventType "swiss"]
[EventRounds "5"]
[EventCountry "ENG"]
[SourceTitle "CBM 209 Extra"]
[Source "ChessBase"]
[SourceDate "2022.09.30"]
[SourceVersion "1"]
[SourceVersionDate "2022.09.30"]
[SourceQuality "1"]

1. d4 Nf6 2. Bg5 e6 3. e4 h6 4. Bxf6 Qxf6 5. c3 d5 6. Nd2 c5 7. Ngf3 cxd4 8. Nxd4 Nc6 9. Bb5 Bd7 10. 0-0 Be7 11. exd5 exd5 12. Qb3 a6 13. Bxc6 bxc6 14. Qb7 Rd8 15. Qxa6 0-0 16. N2f3 Bd6 17. Kh1 Bg4 18. Qxc6 h5 19. Qxd5 Bxh2 20. Qg5 1-0

[Event "Leamington Spa 4NCL op-A 28th"]
[Site "Leamington Spa"]
[Date "2022.07.09"]
[Round "2"]
[White "Gibson, Christopher A"]
[Black "Ireland, David J"]
[Result "1-0"]
[WhiteElo "1870"]
[BlackElo "1989"]
[PlyCount "59"]
[EventDate "2022.07.08"]
[EventType "swiss"]
[EventRounds "5"]
[EventCountry "ENG"]
[SourceTitle "CBM 209 Extra"]
[Source "ChessBase"]
[SourceDate "2022.09.30"]
[SourceVersion "1"]
[SourceVersionDate "2022.09.30"]
[SourceQuality "1"]

1. e4 c5 2. c3 d5 3. exd5 Qxd5 4. d4 Nc6 5. Nf3 Nf6 6. dxc5 Qxd1+ 7. Kxd1 Bf5 8. Bc4 0-0-0+ 9. Ke2 e6 10. b4 Ng4 11. Bf4 e5 12. Bg3 e4 13. Ng5 Nge5 14. Na3 Bg6 15. h4 h6 16. h5 hxg5 17. hxg6 Rxh1 18. Rxh1 Nxc4 19. Nxc4 f5 20. Bd6 Ne7 21. g3 Nxg6 22. Bxf8 Rxf8 23. Rh7 Ne7 24. Rxg7 Nd5 25. Nd6+ Kd8 26. Nxb7+ Kc8 27. Nd6+ Kb8 28. c4 Nc3+ 29. Kd2 Nxa2 30. c6 1-0

[Event "Daventry 4NCL Easter op-A 2nd"]
[Site "Daventry"]
[Date "2022.04.16"]
[Round "2"]
[White "Gibson, Christopher A"]
[Black "Bin Suhayl, Ieysaa"]
[Result "0-1"]
[WhiteElo "1833"]
[BlackElo "2243"]
[PlyCount "60"]
[EventDate "2022.04.15"]
[EventType "swiss"]
[EventRounds "7"]
[EventCountry "ENG"]
[SourceTitle "CBM 207 Extra"]
[Source "ChessBase"]
[SourceDate "2022.05.31"]
[SourceVersion "1"]
[SourceVersionDate "2022.05.31"]
[SourceQuality "1"]

1. e4 e5 2. Nf3 Nc6 3. Bc4 Nf6 4. d3 Bc5 5. 0-0 d6 6. c3 a6 7. a4 Ba7 8. Re1 h6 9. h3 g5 10. Be3 g4 11. hxg4 Bxg4 12. Nbd2 Qd7 13. Bxa7 Rxa7 14. d4 0-0 15. dxe5 Nxe5 16. Nxe5 dxe5 17. f3 Be6 18. Qe2 Raa8 19. Nf1 Kh7 20. Ne3 Nh5 21. Bxe6 Qxe6 22. Qf2 Nf4 23. Qh4 Rg8 24. Rad1 Rg5 25. Rd2 Rag8 26. Ng4 Rxg4 27. fxg4 Rxg4 28. Qh2 Qg6 29. Re3 Qb6 30. Kf2 Rxg2+ 0-1

[Event "Basingstoke 4NCL Spring Bank 2nd"]
[Site "Basingstoke"]
[Date "2019.05.25"]
[Round "2"]
[White "Seymour, Timothy P"]
[Black "Gibson, Christopher A"]
[Result "1-0"]
[WhiteElo "2130"]
[BlackElo "1846"]
[PlyCount "73"]
[EventDate "2019.05.24"]
[EventType "swiss"]
[EventRounds "7"]
[EventCountry "ENG"]
[SourceTitle "CBM 190 Extra"]
[Source "ChessBase"]
[SourceDate "2019.07.15"]
[SourceVersion "1"]
[SourceVersionDate "2019.07.15"]
[SourceQuality "1"]

1. c4 Nf6 2. Nf3 g6 3. d4 Bg7 4. e3 0-0 5. Be2 d6 6. Nc3 Bf5 7. 0-0 Ne4 8. Nxe4 Bxe4 9. Ng5 Bc6 10. Qc2 e5 11. Nf3 b6 12. d5 Bb7 13. e4 a5 14. g3 Nd7 15. Bg5 f6 16. Bd2 h6 17. Nh4 Kh7 18. f4 exf4 19. e5 f5 20. e6 Nc5 21. Rxf4 Be5 22. Rxf5 Bd4+ 23. Kg2 Rxf5 24. Nxf5 Nxe6 25. Nxh6 Qf6 26. Rf1 Qe5 27. Bd3 Ng5 28. Bxg6+ Kxh6 29. Bf4 Qf6 30. Bd3 Kg7 31. h4 Nf7 32. Bg5 Qe5 33. Rf5 Qe1 34. Rf1 Qe8 35. Qd2 Ne5 36. Bf6+ Kg8 37. Qg5+ 1-0

[Event "Stevenage 4NCL Easter op U2050"]
[Site "Stevenage"]
[Date "2019.04.21"]
[Round "4"]
[White "Gibson, Christopher A"]
[Black "Gogia, Armaan"]
[Result "1/2-1/2"]
[WhiteElo "1887"]
[BlackElo "1816"]
[PlyCount "57"]
[EventDate "2019.04.19"]
[EventType "swiss"]
[EventRounds "7"]
[EventCountry "ENG"]
[SourceTitle "CBM 190 Extra"]
[Source "ChessBase"]
[SourceDate "2019.07.15"]
[SourceVersion "1"]
[SourceVersionDate "2019.07.15"]
[SourceQuality "1"]

1. e4 c5 2. Nf3 d6 3. d4 cxd4 4. Nxd4 Nf6 5. Nc3 a6 6. Be2 e5 7. Nb3 Be6 8. Be3 Be7 9. 0-0 0-0 10. Qd2 Nbd7 11. a4 Qc7 12. a5 b5 13. axb6 Nxb6 14. Bxb6 Qxb6 15. Nd5 Bxd5 16. exd5 Ne4 17. Qd3 Nc5 18. Nxc5 Qxc5 19. Ra3 Bf6 20. c3 a5 21. Rfa1 Qb6 22. b4 e4 23. Qxe4 Rae8 24. Qf3 axb4 25. Rb1 Qc5 26. cxb4 Qc2 27. Re1 Qd2 28. Kf1 Qxb4 29. Re3 1/2-1/2